000 00654nam a2200277Ia 4500
005 20260324140228.0
008 008 260324s9999 xx 000 0 eng d
020 _a9781003192817
037 _aEBOOK
040 _aCRL
040 _beng
040 _cCRL
041 _2eng
041 _aeng
084 _qCRL
100 _aLeonora Nattrass; James Epstein
_91203606
245 0 _aWilliam Cobbett: Selected Writings
260 _bTaylor and Francis
260 _c1999
365 _a
365 _b780
856 _uhttp://www.taylorfrancis.com/books/9781003192817
942 _cEBOOK
999 _c1805467
_d1805467